Proceso a la familia
Guardat en:
| Autor principal: | |
|---|---|
| Format: | Llibre |
| Idioma: | espanyol |
| Publicat: |
Barcelona
Plaza & Janés
1976
|
| Edició: | 1a. ed |
| Col·lecció: | Manantial
|
| Matèries: | |
| Etiquetes: |
Afegir etiqueta
Sense etiquetes, Sigues el primer a etiquetar aquest registre!
|
MARC
| LEADER | 00000cam a2200000 a 4500 | ||
|---|---|---|---|
| 001 | UCY6959 | ||
| 003 | CL-VaPUC | ||
| 008 | 950602e19760000SP |||||||||||||||||spa|d | ||
| 020 | |a 8401460360 | ||
| 082 | 0 | 4 | |a 306.85 |b ALT |2 21 |
| 100 | 0 | |a Altavilla, Enrico |e author |9 337209 | |
| 245 | 1 | 0 | |a Proceso a la familia |
| 250 | |a 1a. ed | ||
| 300 | |a 311 p | ||
| 942 | |c BK | ||
| 945 | |d 19950602 00:00:00 |a cmena | ||
| 260 | |a Barcelona |b Plaza & Janés |c 1976 | ||
| 650 | 0 | |a Familias |9 255641 | |
| 650 | 7 | |a MATRIMONIO |2 CL-VaPUC |9 337210 | |
| 650 | 0 | |a Sexo |9 257818 | |
| 650 | 0 | |a Comportamiento sexual |9 334955 | |
| 650 | 0 | |a Costumbres y tradiciones |9 268292 | |
| 650 | 0 | |a Tabúes |9 337211 | |
| 650 | 0 | |a Homosexualidad |9 255614 | |
| 650 | 0 | |a Mujeres |9 257649 | |
| 650 | 0 | |a Drogas |9 254877 | |
| 650 | 7 | |a TOXICOMANIA |2 CL-VaPUC |9 307600 | |
| 650 | 0 | |a Influencia social |9 309315 | |
| 650 | 0 | |a Publicidad |9 314572 | |
| 650 | 7 | |a COMUNICACION DE MASAS |2 CL-VaPUC |9 334823 | |
| 583 | |a last modification |c 20140410 12:00:52 |k Rodrigo Vera | ||
| 490 | 0 | |a Manantial | |
| 999 | |c 234438 |d 234436 | ||
| 952 | |0 0 |1 0 |4 0 |6 306_850000000000000_ALT_1976 |7 0 |8 A |9 240703 |a BIBEDU |b BIBEDU |d 2019-11-18 |i 1513869 |o 306.85 ALT 1976 |p 1513869 |r 2019-11-18 |w 2019-11-18 |y BK |k EDU | ||
| 952 | |0 0 |1 0 |3 erb |4 0 |6 306_850000000000000_ALT_1976 |7 0 |8 A |9 240704 |a BIBEDU |b BIBEDU |i 5035457 |o 306.85 ALT 1976 |p 5035457 |r 2019-11-18 |w 2019-11-18 |y BK |z Catalogado en:20140109 |k BME | ||